Normal view
MARC view
Entry Personal Name
001 - CONTROL NUMBER
- control field: 78671
003 - CONTROL NUMBER IDENTIFIER
- control field: OSt
005 - DATE AND TIME OF LATEST TRANSACTION
- control field: 20200315133100.0
008 - FIXED-LENGTH DATA ELEMENTS
- fixed length control field: 200315|| aca||aabn | a|a d
040 ## - CATALOGING SOURCE
- Original cataloging agency: OSt
- Transcribing agency: OSt
100 ## - HEADING--PERSONAL NAME
- Personal name: प्रो किशोर पटेल
670 ## - SOURCE DATA FOUND
- Source citation: Work cat.: (OSt): प्रो किशोर पटेल , भारतीय संविधान एवं शासन प्रणाली प्रश्नोत्तर रूप में 2014 से 2018 परीक्षा के पेपर्स सहित









